Personnel Management and Industrial Relations. (Record no. 2153)

MARC details
005 - DATE AND TIME OF LATEST TRANSACTION
control field 20250508082340.0
082 ## - DEWEY DECIMAL CLASSIFICATION NUMBER
Classification number 658.3 YOD
100 ## - MAIN ENTRY--PERSONAL NAME
Author name YODER, D.
245 ## - TITLE STATEMENT
Title Personnel Management and Industrial Relations.
250 ## - EDITION STATEMENT
Edition statement 5th Ed
260 ## - PUBLICATION, DISTRIBUTION, ETC.
Place of publication, distribution, etc. London,
Name of publisher, distributor, etc. Pitman,
Date of publication, distribution, etc. 1967.
300 ## - PHYSICAL DESCRIPTION
Extent Xviii, 667p.: ill.; figure, table
Other physical details Index
Dimensions 23cm.
942 ## - ADDED ENTRY ELEMENTS (KOHA)
Source of classification or shelving scheme Dewey Decimal Classification
Koha item type Books
Holdings
Date last seen Total checkouts Full call number Barcode Cost, replacement price Price effective from Koha item type Lost status Source of classification or shelving scheme Damaged status Not for loan Withdrawn status Home library Current library Shelving location Date acquired Cost, normal purchase price
05/08/2025   658.3 YOD 0000008366 30000.00 05/08/2025 Books   Dewey Decimal Classification       College of Business Education Main Library College of Business Education Main Library General Collection 08/14/1982 10000.00
05/08/2025   658.3 YOD 0000008367 30000.00 05/08/2025 Books   Dewey Decimal Classification       College of Business Education Main Library College of Business Education Main Library General Collection 08/14/1982 10000.00
05/08/2025   658.3 YOD 0000008370 30000.00 05/08/2025 Books   Dewey Decimal Classification       College of Business Education Main Library College of Business Education Main Library General Collection 05/14/1982 10000.00